Missing Word: 'D' in Every Category Quiz Stats

 Plays Quiz Updated Jan 29, 2016

Challenge
Share
Tweet
Embed
Score 0/15 Timer 02:00
1 Play Today
Hint Missing Word % Correct
Dungeons & _____Dragons
95.6%
_____ the Menace Dennis
92.2%
_____ AbbeyDownton
88.7%
Buenos _____ (Good Morning)Días
87.3%
Arthur Conan _____Doyle
86.8%
International _____ LineDate
85.2%
Little _____ BoyDrummer
78.2%
Hindenburg _____Disaster
66.9%
Hint Missing Word % Correct
DNA: _____ Helix StructureDouble
63%
_____ MaradonaDiego
56.5%
Oracle of _____Delphi
39%
The Life of _____ Gale David
37.9%
_____'s Grand Floridian Resort & SpaDisney
36.2%
_____ with Tears in My EyesDancing
33.2%
_____ 12 Tribute - BadgeDistrict
16.8%

Today's Daily Dose

You're not logged in!

Compare scores with friends on all Sporcle quizzes.
OR
Log In

You Might Also Like...

Show Comments

Extras

Top Quizzes Today


Score Distribution

Your Account Isn't Verified!

In order to create a playlist on Sporcle, you need to verify the email address you used during registration. Go to your Sporcle Settings to finish the process.

Report this User

Report this user for behavior that violates our Community Guidelines.

Details: